<?xml version="1.0" encoding="UTF-8"?>
<record
    xmlns:xsi="http://www.w3.org/2001/XMLSchema-instance"
    xsi:schemaLocation="http://www.loc.gov/MARC21/slim http://www.loc.gov/standards/marcxml/schema/MARC21slim.xsd"
    xmlns="http://www.loc.gov/MARC21/slim">

  <leader>00989nam a2200241 a 4500</leader>
  <controlfield tag="001">38064</controlfield>
  <controlfield tag="003">BD-RjUL</controlfield>
  <controlfield tag="005">20211209052720.0</controlfield>
  <controlfield tag="008">150903s1991    bg ||||| |||| 00| 0 ben d</controlfield>
  <datafield tag="035" ind1=" " ind2=" ">
    <subfield code="a">(BD-RjUL)38169</subfield>
  </datafield>
  <datafield tag="040" ind1=" " ind2=" ">
    <subfield code="a">BD-RjUL</subfield>
    <subfield code="b">eng</subfield>
    <subfield code="c">BD-RjUL</subfield>
  </datafield>
  <datafield tag="041" ind1=" " ind2=" ">
    <subfield code="a">eng</subfield>
  </datafield>
  <datafield tag="082" ind1=" " ind2=" ">
    <subfield code="2">23</subfield>
    <subfield code="a">944.05092</subfield>
    <subfield code="b">NAP 1991</subfield>
  </datafield>
  <datafield tag="245" ind1=" " ind2=" ">
    <subfield code="a">&#x9A8;&#x9C7;&#x9AA;&#x9CB;&#x9B2;&#x9BF;&#x9AF;&#x9BC;&#x9A8; &#x9AC;&#x9CB;&#x9A8;&#x9BE;&#x9AA;&#x9BE;&#x9B0;&#x9CD;&#x99F;&#x9C7;&#x9B0; &#x9AC;&#x9BF;&#x99A;&#x9BF;&#x9A4;&#x9CD;&#x9B0;-&#x995;&#x9A5;&#x9BE; /</subfield>
    <subfield code="c">&#x9AE;&#x9A7;&#x9C1;&#x995;&#x9B0; &#x9B8;&#x999;&#x9CD;&#x995;&#x9B2;&#x9BF;&#x9A4; &#x993; &#x985;&#x9A8;&#x9C2;&#x9A6;&#x9BF;&#x9A4;</subfield>
  </datafield>
  <datafield tag="250" ind1=" " ind2=" ">
    <subfield code="a">&#x9E8;&#x9AF;&#x9BC; &#x9B8;&#x982;.</subfield>
  </datafield>
  <datafield tag="260" ind1=" " ind2=" ">
    <subfield code="a">&#x9A2;&#x9BE;&#x995;&#x9BE; :</subfield>
    <subfield code="b">&#x9A8;&#x993;&#x9B0;&#x9CB;&#x99C; &#x995;&#x9BF;&#x9A4;&#x9BE;&#x9AC;&#x9BF;&#x9B8;&#x9CD;&#x9A4;&#x9BE;&#x9A8;,</subfield>
    <subfield code="c">&#x9E7;&#x9EF;&#x9EF;&#x9E7;.</subfield>
  </datafield>
  <datafield tag="300" ind1=" " ind2=" ">
    <subfield code="a">&#x9ED;, &#x9E9;&#x9EA;&#x9E8; &#x9AA;&#x9C3;. ;</subfield>
    <subfield code="c">&#x9E8;&#x9E7; &#x9B8;&#x9C7;&#x9AE;&#x9BF;.</subfield>
  </datafield>
  <datafield tag="600" ind1=" " ind2=" ">
    <subfield code="a">&#x9A8;&#x9C7;&#x9AA;&#x9CB;&#x9B2;&#x9BF;&#x9AF;&#x9BC;&#x9A8;</subfield>
    <subfield code="c">&#x9AB;&#x9CD;&#x9B0;&#x9BE;&#x9A8;&#x9CD;&#x9B8;&#x9C7;&#x9B0; &#x9B8;&#x9AE;&#x9CD;&#x9B0;&#x9BE;&#x99F;</subfield>
    <subfield code="d">&#x9E7;&#x9ED;&#x9EC;&#x9EF;-&#x9E7;&#x9EE;&#x9E8;&#x9E7;</subfield>
    <subfield code="9">117835</subfield>
  </datafield>
  <datafield tag="600" ind1=" " ind2=" ">
    <subfield code="a">Napoleon </subfield>
    <subfield code="c">Emperor of the French</subfield>
    <subfield code="d">1769-1821.</subfield>
    <subfield code="9">117836</subfield>
  </datafield>
  <datafield tag="650" ind1=" " ind2=" ">
    <subfield code="a">Emperors </subfield>
    <subfield code="x">Biography</subfield>
    <subfield code="z">France</subfield>
    <subfield code="9">117837</subfield>
  </datafield>
  <datafield tag="700" ind1=" " ind2=" ">
    <subfield code="a">&#x9AE;&#x9A7;&#x9C1;&#x995;&#x9B0;</subfield>
    <subfield code="9">117838</subfield>
  </datafield>
  <datafield tag="942" ind1=" " ind2=" ">
    <subfield code="2">ddc</subfield>
    <subfield code="c">BK</subfield>
    <subfield code="0">1</subfield>
  </datafield>
  <datafield tag="999" ind1=" " ind2=" ">
    <subfield code="c">38064</subfield>
    <subfield code="d">38064</subfield>
  </datafield>
  <datafield tag="952" ind1=" " ind2=" ">
    <subfield code="0">0</subfield>
    <subfield code="1">0</subfield>
    <subfield code="2">ddc</subfield>
    <subfield code="4">0</subfield>
    <subfield code="7">0</subfield>
    <subfield code="a">RUCL</subfield>
    <subfield code="b">RUCL</subfield>
    <subfield code="c">Stack</subfield>
    <subfield code="d">1994-04-02</subfield>
    <subfield code="e">&#x997;&#x9CB;&#x9B2;&#x9BE;&#x9AE; &#x9B8;&#x9BE;&#x995;&#x9B2;&#x9BE;&#x9AF;&#x9BC;&#x9C7;&#x9A8;, &#x9A2;&#x9BE;&#x995;&#x9BE;</subfield>
    <subfield code="g">160.00</subfield>
    <subfield code="l">1</subfield>
    <subfield code="o">B 944.05092 NAP 1991</subfield>
    <subfield code="r">2015-09-13 00:00:00</subfield>
    <subfield code="s">2015-09-03</subfield>
    <subfield code="t">C-2</subfield>
    <subfield code="w">2015-09-03</subfield>
    <subfield code="y">BK</subfield>
  </datafield>
  <datafield tag="952" ind1=" " ind2=" ">
    <subfield code="0">0</subfield>
    <subfield code="1">0</subfield>
    <subfield code="2">ddc</subfield>
    <subfield code="4">0</subfield>
    <subfield code="7">1</subfield>
    <subfield code="8">NFIC</subfield>
    <subfield code="a">RUCL</subfield>
    <subfield code="b">RUCL</subfield>
    <subfield code="c">Reading</subfield>
    <subfield code="d">1994-04-02</subfield>
    <subfield code="e">Golam Mojammel, Dhaka</subfield>
    <subfield code="g">160.00</subfield>
    <subfield code="l">0</subfield>
    <subfield code="o">B 944.05092 NAP 1991</subfield>
    <subfield code="r">2017-01-18 00:00:00</subfield>
    <subfield code="t">C-1</subfield>
    <subfield code="w">2017-01-18</subfield>
    <subfield code="y">BK</subfield>
  </datafield>
  <datafield tag="952" ind1=" " ind2=" ">
    <subfield code="0">0</subfield>
    <subfield code="1">0</subfield>
    <subfield code="2">ddc</subfield>
    <subfield code="4">0</subfield>
    <subfield code="7">0</subfield>
    <subfield code="8">NFIC</subfield>
    <subfield code="a">RUCL</subfield>
    <subfield code="b">RUCL</subfield>
    <subfield code="c">Stack</subfield>
    <subfield code="d">1994-04-02</subfield>
    <subfield code="e">Golam Mojammel, Dhaka</subfield>
    <subfield code="g">160.00</subfield>
    <subfield code="l">0</subfield>
    <subfield code="o">B 944.05092 NAP 1991</subfield>
    <subfield code="r">2018-03-08 00:00:00</subfield>
    <subfield code="t">C-3</subfield>
    <subfield code="w">2018-03-08</subfield>
    <subfield code="y">BK</subfield>
  </datafield>
  <datafield tag="952" ind1=" " ind2=" ">
    <subfield code="0">0</subfield>
    <subfield code="1">0</subfield>
    <subfield code="2">ddc</subfield>
    <subfield code="4">0</subfield>
    <subfield code="7">0</subfield>
    <subfield code="8">NFIC</subfield>
    <subfield code="a">RUCL</subfield>
    <subfield code="b">RUCL</subfield>
    <subfield code="c">GEN</subfield>
    <subfield code="d">1991-06-05</subfield>
    <subfield code="e">Golam saklain</subfield>
    <subfield code="g">160.00</subfield>
    <subfield code="l">0</subfield>
    <subfield code="o">B 944.05092 NAP 1991</subfield>
    <subfield code="r">2023-04-11 00:00:00</subfield>
    <subfield code="t">C-4</subfield>
    <subfield code="w">2023-04-11</subfield>
    <subfield code="y">BK</subfield>
  </datafield>
</record>
